00386nam a2200133Ia 4500008004100000082001500041100001900056245002100075260002000096600001500116942000700131952009700138999001700235241002s9999 xx 000 0 und d a181.41 BER aBernard, Theos 0aHindu Philosophy aNew York:c1968 aPhilosophy cUC 00104070aUITUbUITUd1994-01-01l0o181.41 BERpUC80r2024-10-02 09:31:07w2024-10-02yUC c18407d18407